[Event "TCh-ROM"]
[Site "Sovata ROM"]
[Date "2001.03.24"]
[Round "4"]
[White "Foisor,O"]
[Black "Motylev,A"]
[Result "1/2-1/2"]
[WhiteElo "2409"]
[BlackElo "2570"]

1.e4 e6 2.d4 d5 3.Nd2 dxe4 4.Nxe4 Bd7 5.Nf3 Bc6 6.Bd3 Nd7 7.O-O Ngf6 8.Ned2 Be7
9.Re1 O-O 10.Nc4 Bb5 11.c3 c5 12.Bf4 Re8 13.Qe2 Nb6 14.dxc5 Bxc5 15.Nce5 Bxd3
16.Nxd3 Bd6 17.Nde5 Nfd5 18.Bg3 f6 19.Nc4 Bxg3 20.hxg3 e5 21.Rad1 Qc7 22.Nxb6 Nxb6
23.g4 Rad8 24.g5 Qc4 25.Qc2 Rxd1 26.Rxd1 Qxa2 27.gxf6 gxf6 28.Rd6 e4 29.Nh4 Qa4
30.b3 Qb5 31.g3 Qe5 32.Qd2 e3 33.Qxe3 Qxe3 34.fxe3 Rxe3 35.c4 Rxg3+ 36.Kf2 Rxb3
37.c5 Na4 38.c6 bxc6 39.Rxc6 Rb5 40.Rc8+ Kg7 41.Rc7+ Kh6 42.Rxa7 Nc3 43.Kf3 Re5
44.Kg4 Re4+ 45.Kh3 Ne2 46.Nf5+ Kg5 47.Nd6 Rh4+ 48.Kg2 f5 49.Rg7+ Kf4 50.Ra7 Nd4
51.Ra4 Kg5 52.Ra6 Rg4+ 53.Kf2 h5 54.Nf7+ Kf4 55.Ra4 Ke4 56.Nh6 Rg5 57.Nf7 Rg6
58.Ra8 Kf4 59.Ra4 Ke4 60.Ra8 Rg7 61.Ra7 Rg8 62.Ra4 Rg6 63.Ra8 h4 64.Ra3 Rb6
65.Kg2 Kf4 66.Ra4 Rb2+ 67.Kh3 Rd2 68.Rb4 Rd1  1/2-1/2

[Event "TCh-ROM"]
[Site "Sovata ROM"]
[Date "2001.03.25"]
[Round "5"]
[White "Suba,M"]
[Black "Motylev,A"]
[Result "0-1"]
[WhiteElo "2532"]
[BlackElo "2570"]

1.d4 Nf6 2.c4 g6 3.Nc3 Bg7 4.e4 d6 5.h3 O-O 6.Bg5 c6 7.g4 d5 8.cxd5 cxd5
9.Bxf6 exf6 10.exd5 f5 11.Qd2 fxg4 12.O-O-O Na6 13.Bg2 h5 14.a3 b5 15.Nxb5 Rb8
16.a4 Bf5 17.hxg4 Qc8+ 18.Nc3 hxg4 19.Re1 Nb4 20.Re3 Qc4 21.Ne2 Nd3+ 22.Rxd3 Bxd3
23.Nf4 Bf5 24.d6 Qxd4 25.Qxd4 Bxd4 26.Nb5 Bg7 27.Nc7 Bd7 28.Nd3 Rb6  0-1

[Event "Open"]
[Site "Dubai UAE"]
[Date "2001.04.15"]
[Round "1"]
[White "Motylev,A"]
[Black "Hamed,Ah"]
[Result "1-0"]
[WhiteElo "2601"]
[BlackElo "2331"]

1.e4 d6 2.d4 Nf6 3.Nc3 g6 4.Bg5 c6 5.Qd2 b5 6.Bd3 h6 7.Bh4 g5 8.Bg3 Nh5 9.e5 Bg7
10.Qe2 Nxg3 11.hxg3 dxe5 12.dxe5 Qa5 13.f4 gxf4 14.gxf4 Qb4 15.Qd2 Qxb2 16.Rb1 Qa3
17.Rb3 Qa5 18.Nxb5 Qxd2+ 19.Kxd2 Na6 20.Nd4 Nc5 21.Rb2 Nxd3 22.cxd3 Bd7 23.Ngf3 O-O
24.Rb7 Rfd8 25.Rc1 Rac8 26.Rxa7 c5 27.Nb3 c4 28.Rxc4 Rxc4 29.dxc4 Bh3+ 30.Ke3 Bxg2
31.c5 Rc8 32.Kf2 Bh1 33.Rd7 e6 34.Rd1 Bxf3 35.Kxf3 Bf8 36.Rc1 Rc6 37.a4 Be7
38.a5 h5 39.Ra1 Ra6 40.Ke4 Kf8 41.Kd4 Ke8 42.Kc4 Kd7 43.Nd4 Kc7 44.Kb5 Ra8
45.Nc6  1-0

[Event "Open"]
[Site "Dubai UAE"]
[Date "2001.04.16"]
[Round "2"]
[White "Dzhumaev,M"]
[Black "Motylev,A"]
[Result "0-1"]
[WhiteElo "2514"]
[BlackElo "2601"]

1.e4 c5 2.Nf3 d6 3.d4 cxd4 4.Qxd4 a6 5.c4 Nc6 6.Qd2 g6 7.Nc3 Bg4 8.Be2 Bxf3
9.Bxf3 Bh6 10.Qc2 Bxc1 11.Rxc1 Nf6 12.O-O Rc8 13.Nd5 e6 14.Ne3 Nd4 15.Qd3 Nxf3+
16.gxf3 Nh5 17.Ng2 O-O 18.Rfd1 Qf6 19.Rc3 Rc6 20.Rb3 Rfc8 21.Rxb7 Rxc4 22.Qe3 d5
23.Rd7 d4 24.Qd2 e5 25.Qd3 Rc1 26.h4 Nf4 27.Nxf4 Qxf4 28.Kg2 Qxh4 29.Qb3 Qg5+
30.Kh3 Qf4 31.Kg2 Rxd1 32.Qxd1 Rc1  0-1

[Event "Open"]
[Site "Dubai UAE"]
[Date "2001.04.17"]
[Round "3"]
[White "Motylev,A"]
[Black "Neverov,V"]
[Result "1/2-1/2"]
[WhiteElo "2601"]
[BlackElo "2562"]

1.e4 c5 2.Nf3 d6 3.d4 cxd4 4.Nxd4 Nf6 5.Nc3 a6 6.f3 e5 7.Nb3 Be6 8.Be3 Be7
9.Qd2 O-O 10.O-O-O Qc7 11.g4 Rc8 12.g5 Nh5 13.Kb1 Nd7 14.Qf2 b5 15.h4 b4
16.Nd5 Bxd5 17.Rxd5 a5 18.Bh3 a4 19.Nc1 Nf4 20.Bxf4 exf4 21.Nd3 Nb6 22.Bxc8 Nxd5
23.exd5 Qxc8 24.Nxb4 a3 25.Qd4 axb2 26.Qxf4 Qc3 27.h5 h6 28.gxh6 Bf6 29.hxg7 Re8
30.Nd3 Re2 31.Qa4 Kxg7 32.h6+ Kh7 33.Qb3 Qd4 34.Qb7 Qc3  1/2-1/2

[Event "Open"]
[Site "Dubai UAE"]
[Date "2001.04.19"]
[Round "5"]
[White "Motylev,A"]
[Black "Kunte,A"]
[Result "1/2-1/2"]
[WhiteElo "2601"]
[BlackElo "2568"]

1.e4 c5 2.Nf3 e6 3.d4 cxd4 4.Nxd4 a6 5.Nc3 Qc7 6.Bd3 Nc6 7.Nxc6 dxc6 8.O-O e5
9.f4 Nf6 10.Kh1 Be7 11.a4 Rb8 12.a5 Bd6 13.Qe1 Kf8 14.Qh4 exf4 15.Bxf4 Bxf4
16.Rxf4 Qe5 17.Raf1  1/2-1/2

[Event "Open"]
[Site "Dubai UAE"]
[Date "2001.04.20"]
[Round "6"]
[White "Galkin,A"]
[Black "Motylev,A"]
[Result "1/2-1/2"]
[WhiteElo "2556"]
[BlackElo "2601"]

1.e4 e5 2.Nf3 Nf6 3.Nxe5 d6 4.Nf3 Nxe4 5.d4 d5 6.Bd3 Nc6 7.O-O Be7 8.c4 Nb4
9.Be2 O-O 10.Nc3 Be6 11.Ne5 f6 12.Nf3 Kh8 13.a3 Nxc3 14.bxc3 Nc6 15.Nd2 f5
16.Re1 Bf6 17.Nb3 b6 18.Bf3 Bg8 19.cxd5 Bxd5 20.Bf4 Re8 21.Be5 Qd7 22.Bxf6 gxf6
23.Nc1 Re6 24.Rxe6 Qxe6 25.Nd3 Re8 26.h3  1/2-1/2

[Event "Open"]
[Site "Dubai UAE"]
[Date "2001.04.20"]
[Round "6"]
[White "Galkin,A"]
[Black "Motylev,A"]
[Result "1/2-1/2"]
[WhiteElo "2556"]
[BlackElo "2601"]

1.e4 e5 2.Nf3 Nf6 3.Nxe5 d6 4.Nf3 Nxe4 5.d4 d5 6.Bd3 Nc6 7.O-O Be7 8.c4 Nb4
9.Be2 O-O 10.Nc3 Be6 11.Ne5 f6 12.Nf3 Kh8 13.a3 Nxc3 14.bxc3 Nc6 15.Nd2 f5
16.Re1 Bf6 17.Nb3 b6 18.Bf3 Bg8 19.cxd5 Bxd5 20.Bf4 Rc8 21.Be5 Qd7 22.Bxf6 Rxf6
23.Nc1 Re6 24.Rxe6 Qxe6 25.Nd3 Re8 26.h3  1/2-1/2

[Event "Open"]
[Site "Dubai UAE"]
[Date "2001.04.23"]
[Round "8"]
[White "Motylev,A"]
[Black "Sermek,D"]
[Result "1-0"]
[WhiteElo "2601"]
[BlackElo "2525"]

1.e4 e5 2.Nf3 Nc6 3.d4 exd4 4.Nxd4 Nf6 5.Nxc6 bxc6 6.e5 Qe7 7.Qe2 Nd5 8.c4 Nb6
9.Nd2 Qe6 10.b3 Bb4 11.Bb2 O-O 12.O-O-O Qe7 13.Ne4 Ba3 14.Bxa3 Qxa3+ 15.Qb2 Qxb2+
16.Kxb2 Re8 17.f4 f6 18.c5 Nd5 19.Bc4 Kf8 20.Rde1 fxe5 21.Rhf1 Bb7 22.fxe5+ Kg8
23.Ng5 h6 24.Nf3 Re7 25.Rf2 Rf8 26.Rfe2 Rf4 27.Re4 Rxe4 28.Rxe4 Kf7 29.Nd4 g6
30.b4 Kg7 31.Bxd5 cxd5 32.Re2 Kf7 33.a4 Ke8 34.Kc3 a6 35.e6 Bc8 36.exd7+ Bxd7
37.Rxe7+ Kxe7 38.b5 axb5 39.a5 Bc8 40.Nxb5 Kd7 41.Kd4 Ba6 42.Nc3 c6 43.Na2 Bf1
44.g3 Kc7 45.Nb4 Kb7 46.Kc3 g5 47.Kd4 Be2 48.Ke5 Bb5 49.Kd4 Be2 50.Kc3 Bf1
51.Nc2 Bh3 52.Nd4 Bg4 53.a6+ Kxa6 54.Nxc6 Kb5 55.Ne5 Bf5 56.Kd4 Be6 57.Ng6 h5
58.Ne5 h4 59.gxh4 gxh4 60.Nf3 h3 61.Ng5 Bd7 62.Kxd5 Bc8 63.c6 Bf5 64.Kd6 Kb6
65.Nf7 Bc8 66.Ne5 Ba6 67.Nd7+ Kb5 68.Kc7 Kc4 69.Kb6 Bc8 70.Kc7 Ba6 71.Kb8 Kd5
72.c7 Kd6 73.Nf6 Ke5 74.Ng4+  1-0

[Event "54th ch-RUS"]
[Site "Elista RUS"]
[Date "2001.04.30"]
[Round "1"]
[White "Smirnov,P"]
[Black "Motylev,A"]
[Result "0-1"]
[WhiteElo "2511"]
[BlackElo "2601"]

1.d4 d5 2.c4 c6 3.Nc3 Nf6 4.e3 a6 5.Qc2 b5 6.b3 Bg4 7.Nge2 Nbd7 8.Nf4 e5
9.dxe5 Nxe5 10.h3 Be6 11.cxd5 cxd5 12.Nxe6 fxe6 13.f4 Rc8 14.Qb2 d4 15.Nxb5 Ne4
16.Qxd4 Qh4+ 17.Ke2 Qf2+ 18.Kd1 Qc2+ 19.Ke1 Bc5 20.Nd6+ Bxd6 21.fxe5 Bb4+  0-1

[Event "54th ch-RUS"]
[Site "Elista RUS"]
[Date "2001.05.01"]
[Round "2"]
[White "Motylev,A"]
[Black "Jakovenko,D"]
[Result "1/2-1/2"]
[WhiteElo "2601"]
[BlackElo "2521"]

1.e4 e5 2.Nf3 Nc6 3.d4 exd4 4.Nxd4 Nf6 5.Nxc6 bxc6 6.e5 Qe7 7.Qe2 Nd5 8.c4 Ba6
9.b3 g5 10.g3 Bg7 11.Bb2 O-O-O 12.Nd2 Nb4 13.Nf3 Rhe8 14.Bh3 c5 15.Bg4 f6
16.Bh5 fxe5 17.Bxe8 Rxe8 18.O-O Bb7 19.Rfe1 e4 20.Rad1 g4 21.Nh4 e3 22.Bxg7 Qe4
23.fxe3 Qh1+ 24.Kf2 Qxh2+ 25.Kf1 Qxg3 26.Ng2 Re7 27.Qf2 Qxf2+ 28.Kxf2 g3+
29.Kg1 Rxg7 30.Rf1 Kd8 31.Rd2 Ke8 32.Rf5 d6 33.Nf4 Re7 34.Nd5 Nxd5 35.cxd5 Rxe3
36.Rh5 Re5 37.Rxe5+ dxe5 38.Re2 Kd7 39.Rxe5 Kd6 40.Rg5 Bxd5 41.Rxg3 c4  1/2-1/2

[Event "54th ch-RUS"]
[Site "Elista RUS"]
[Date "2001.05.02"]
[Round "3"]
[White "Bezgodov,A"]
[Black "Motylev,A"]
[Result "1/2-1/2"]
[WhiteElo "2543"]
[BlackElo "2601"]

1.e4 e5 2.Nf3 Nf6 3.Nxe5 d6 4.Nf3 Nxe4 5.d4 d5 6.Bd3 Nc6 7.O-O Be7 8.c4 Nb4
9.Be2 O-O 10.a3 Nc6 11.cxd5 Qxd5 12.Nc3 Nxc3 13.bxc3 Bf5 14.Re1 Bf6 15.Bf4  1/2-1/2

[Event "54th ch-RUS"]
[Site "Elista RUS"]
[Date "2001.05.03"]
[Round "4"]
[White "Motylev,A"]
[Black "Ionov,S"]
[Result "1-0"]
[WhiteElo "2601"]
[BlackElo "2505"]

1.e4 c5 2.Nf3 d6 3.d4 cxd4 4.Nxd4 Nf6 5.Nc3 Nc6 6.f3 e6 7.Be3 Be7 8.Qd2 O-O
9.g4 d5 10.g5 Nxd4 11.Qxd4 Nd7 12.exd5 Bxg5 13.O-O-O exd5 14.Bxg5 Qxg5+ 15.f4 Qh6
16.Nxd5 Nb6 17.Ne3 Bd7 18.Bg2 Rab8 19.Kb1 Rfe8 20.Rhg1 Re7 21.a4 a5 22.Bxb7 Rxe3
23.Qxe3 Rxb7 24.Qe4 Rb8 25.Qe5 Rc8 26.Rd6 Nc4 27.Rxh6 Nxe5 28.fxe5 Bf5 29.Rg2 Be4
30.Re2 Bf3 31.Rf2 gxh6 32.Rxf3 Rc4 33.b3 Re4 34.Rf5 Rh4 35.e6 fxe6 36.Rxa5 Rxh2
37.Re5 Kf7 38.a5 Rd2 39.a6 Rd8 40.b4  1-0

[Event "54th ch-RUS"]
[Site "Elista RUS"]
[Date "2001.05.06"]
[Round "6"]
[White "Chernyshov,K"]
[Black "Motylev,A"]
[Result "1/2-1/2"]
[WhiteElo "2536"]
[BlackElo "2601"]

1.d4 Nf6 2.Nd2 d5 3.Ngf3 Bf5 4.g3 h6 5.Bg2 e6 6.c4 c6 7.b3 Be7 8.Bb2 Nbd7
9.O-O O-O 10.Qc1 Rc8 11.Bc3 Ne4  1/2-1/2

[Event "54th ch-RUS"]
[Site "Elista RUS"]
[Date "2001.05.07"]
[Round "7"]
[White "Motylev,A"]
[Black "Lastin,A"]
[Result "1/2-1/2"]
[WhiteElo "2601"]
[BlackElo "2627"]

1.e4 e6 2.d4 d5 3.Nd2 c5 4.exd5 exd5 5.Ngf3 Nf6 6.Bb5+ Bd7 7.Bxd7+ Nbxd7
8.O-O Be7 9.dxc5 Nxc5 10.Nb3 Nce4 11.Nbd4 Qc8 12.Bf4  1/2-1/2

[Event "54th ch-RUS"]
[Site "Elista RUS"]
[Date "2001.05.08"]
[Round "8"]
[White "Malakhov,V"]
[Black "Motylev,A"]
[Result "0-1"]
[WhiteElo "2623"]
[BlackElo "2601"]

1.e4 e5 2.Nf3 Nf6 3.Nxe5 d6 4.Nf3 Nxe4 5.d4 d5 6.Bd3 Nc6 7.O-O Be7 8.c4 Nb4
9.Be2 Be6 10.Nc3 O-O 11.Ne5 f6 12.Nf3 Kh8 13.Re1 c5 14.cxd5 Nxc3 15.bxc3 Nxd5
16.c4 Nc3 17.Qd3 cxd4 18.Bf1 Bf7 19.Nxd4 Bb4 20.a3 Ba5 21.Nb3 Qxd3 22.Bxd3 Bb6
23.a4 Rfd8 24.Bf1 Nd1 25.c5 Bxb3 26.cxb6 axb6 27.Re4 b5 28.a5 Bc4 29.Re7 Nc3
30.Bb2 Na4 31.Ba3 b6 32.a6 Rxa6 33.Rae1 h5 34.Bb4 Nc5 35.Bxc5 bxc5 36.Bxc4 bxc4
37.Rc7 Re6 38.Rf1 Rd5 39.g3 Re2 40.Rc1 Rf5 41.Rxc4 Rfxf2 42.Rh4 Rf5 43.g4 Rd5
44.Rxh5+ Rxh5 45.gxh5 Re5 46.h6 gxh6 47.Kf2 Kg8 48.Kf3 Kf8 49.h4 h5 50.Rh7 Ke8
51.Rc7 Kd8 52.Rf7 Rf5+ 53.Ke4 Re5+ 54.Kd3 Rd5+ 55.Kc4 Rf5 56.Kb5 Ke8 57.Rc7 Re5
58.Kc6 c4 59.Kd6 Re4 60.Rc5 Rxh4 61.Ke6 Kd8 62.Kxf6 Kd7 63.Kg5 Kd6 64.Rc8 Re4
65.Kxh5 Kd5 66.Kg5 Kd4 67.Kf5 Kd3 68.Rc7 Rh4  0-1

[Event "54th ch-RUS"]
[Site "Elista RUS"]
[Date "2001.05.09"]
[Round "9"]
[White "Kharlov,A"]
[Black "Motylev,A"]
[Result "1/2-1/2"]
[WhiteElo "2639"]
[BlackElo "2601"]

1.d4 d5 2.c4 c6 3.Nf3 Nf6 4.Nc3 dxc4 5.a4 Bf5 6.Nh4 e6 7.Nxf5 exf5 8.e3 Bb4
9.Bxc4 O-O 10.O-O Nbd7 11.h3 Rc8 12.Qb3 Qb6 13.Na2 Bd6 14.Qxb6 Nxb6 15.Bd3 g6
16.a5 Nbd5 17.a6 b6 18.Bd2 Rfe8 19.g3 h5 20.h4 Ne4 21.Rfd1 Nxd2 22.Rxd2 Nxe3
23.fxe3 Rxe3 24.Kf2 Rxg3 25.Rh1 Rd8 26.Nc3 Rg4 27.Be2 Rxd4 28.Rxd4 Bc5 29.Rd1 Rxd4
30.Kg2 Rxh4 31.Rd7 b5 32.Bf3 Rb4 33.Rd2 Rd4 34.Rc2 Rd6 35.Ne2 Be3 36.b4 Rd2
37.Rxd2  1/2-1/2

[Event "TCh-RUS"]
[Site "Tomsk RUS"]
[Date "2001.05.14"]
[Round "2"]
[White "Ivanov,Se"]
[Black "Motylev,A"]
[Result "1/2-1/2"]
[WhiteElo "2547"]
[BlackElo "2601"]

1.d4 d5 2.c4 c6 3.Nf3 Nf6 4.Nc3 dxc4 5.a4 Bf5 6.Ne5 e6 7.f3 Bb4 8.e4 Bxe4
9.fxe4 Nxe4 10.Bd2 Qxd4 11.Nxe4 Qxe4+ 12.Qe2 Bxd2+ 13.Kxd2 Qd5+ 14.Kc3 O-O
15.Qe3 b5 16.Be2 Nd7 17.Nxd7 Qxd7 18.Qc5 Qd8 19.Rhd1 Qf6+ 20.Qd4 e5 21.Qe4 Rfd8
22.Rxd8+ Rxd8 23.Rd1 Rxd1 24.Bxd1 g6 25.Bf3 Qd6 26.Kc2 bxa4 27.Qxc4 a3 28.bxa3 Qxa3
29.Bxc6 Kg7 30.Qd5 Qe7 31.Kd3 h5 32.Ba4 f5 33.Bb3 Kh6 34.Ke2 e4 35.g3 Qb4
36.Qg8 Qc3 37.Qf8+ Qg7 38.Qc5 Qb2+ 39.Bc2 Qb7 40.h4 Kh7 41.Qc3 Qg7  1/2-1/2

[Event "TCh-RUS"]
[Site "Tomsk RUS"]
[Date "2001.05.17"]
[Round "5"]
[White "Pridorozhni,A"]
[Black "Motylev,A"]
[Result "0-1"]
[WhiteElo "2352"]
[BlackElo "2601"]

1.e4 c5 2.b3 d6 3.Bb2 Nf6 4.d3 g6 5.f4 Bg7 6.Nf3 O-O 7.c4 Nc6 8.Nc3 e5 9.fxe5 dxe5
10.Nd5 Nxd5 11.cxd5 Nd4 12.Be2 Qa5+ 13.Kf2 f5 14.Rf1 Nxf3 15.Bxf3 c4 16.Kg1 c3
17.Bc1 Qc5+ 18.Kh1 b5 19.a3 a5 20.b4 Qd4 21.Qe2 f4 22.bxa5 Rxa5 23.Rb1 Ra4
24.Qc2 Bd7 25.Rb3 Rc8 26.Qe2 h5 27.g3 b4 28.gxf4 exf4 29.Qg2 Qxd3 30.Rd1 Qa6
31.axb4 Ra2 32.Qg5 Ba4 33.Bxf4 Bxb3 34.Rg1 Ra1 35.Rxa1 Qxa1+ 36.Kg2 Bd1 37.Qxg6 Bxf3+
38.Kxf3 Qf1+  0-1

[Event "TCh-RUS"]
[Site "Tomsk RUS"]
[Date "2001.05.20"]
[Round "7"]
[White "Motylev,A"]
[Black "Rustemov,A"]
[Result "1/2-1/2"]
[WhiteElo "2601"]
[BlackElo "2625"]

1.e4 e6 2.d4 d5 3.Nc3 Bb4 4.e5 c5 5.a3 Bxc3+ 6.bxc3 Qa5 7.Bd2 Qa4 8.Qb1 c4
9.h4 Ne7 10.h5 h6 11.Ne2 Nbc6 12.g4 Bd7 13.Bg2 O-O-O 14.Be3 f6 15.f4 f5 16.g5 g6  1/2-1/2

[Event "2nd IECC"]
[Site "Ohrid MKD"]
[Date "2001.06.01"]
[Round "1"]
[White "Motylev,A"]
[Black "Fedorchuk,S"]
[Result "1-0"]
[WhiteElo "2601"]
[BlackElo "2503"]

1.e4 e5 2.Nf3 Nc6 3.Bb5 a6 4.Ba4 Nf6 5.O-O b5 6.Bb3 Bc5 7.a4 Bb7 8.d3 O-O
9.Nc3 b4 10.Nd5 h6 11.Be3 Bxe3 12.fxe3 Nxd5 13.Bxd5 d6 14.d4 exd4 15.exd4 Na5
16.Bxb7 Nxb7 17.Qd3 d5 18.Ne5 Qd6 19.Rf5 dxe4 20.Qxe4 Qe6 21.Rf3 Nd6 22.Qc6 f6
23.Nd3 a5 24.Re1 Qc4 25.Qxc4+ Nxc4 26.Rf5 Rfd8 27.Rc5 Rxd4 28.Rxc7 Nd6 29.b3 Ne4
30.Nf4 Rad8 31.Rxg7+ Kxg7 32.Ne6+ Kg6 33.Nxd8 f5 34.Nc6 Rd2 35.Rc1 Nc3 36.Kf1 Na2
37.Ne5+ Kf6 38.Nc4 Rd5 39.Re1 Nc3 40.Re8 Rd1+ 41.Re1 Rd5 42.g3 h5 43.Re8 Rd1+
44.Kg2 Ne4 45.Rf8+ Kg6 46.Rc8 Rc1 47.Rc6+ Kf7 48.Ne3 Nc3 49.Rc5 Re1 50.Kf3 Ke6
51.Rxa5 Ne4 52.Nxf5 Ng5+ 53.Kf2  1-0

[Event "2nd IECC"]
[Site "Ohrid MKD"]
[Date "2001.06.02"]
[Round "2"]
[White "Timoscenko,G"]
[Black "Motylev,A"]
[Result "1/2-1/2"]
[WhiteElo "2531"]
[BlackElo "2601"]

1.d4 d5 2.c4 c6 3.Nf3 Nf6 4.Nc3 dxc4 5.a4 Bf5 6.Ne5 e6 7.f3 Bb4 8.e4 Bxe4
9.fxe4 Nxe4 10.Qf3 Qxd4 11.Qxf7+ Kd8 12.Bg5+  1/2-1/2

[Event "2nd IECC"]
[Site "Ohrid MKD"]
[Date "2001.06.03"]
[Round "3"]
[White "Motylev,A"]
[Black "Cao,S"]
[Result "1-0"]
[WhiteElo "2601"]
[BlackElo "2488"]

1.e4 e6 2.d4 d5 3.e5 c5 4.c3 Nc6 5.Nf3 Bd7 6.a3 Rc8 7.b4 cxd4 8.cxd4 Nge7
9.Bd3 Nf5 10.Bb2 Be7 11.O-O O-O 12.Nc3 g6 13.Ne2 Ng7 14.Qd2 f5 15.exf6 Bxf6
16.Ne5 Be8 17.f4 Nf5 18.Kh1 Qb6 19.Rac1 Rd8 20.Rc5 Be7 21.g4 Ng7 22.Rcc1 a6
23.Ng3 Bh4 24.Nf3 Bf6 25.Kg2 Be7 26.Rce1 Qc7 27.Ne5 Bh4 28.Rc1 Qd6 29.Ne2 Be7
30.Ng1 Rc8 31.Ngf3 Qd8 32.Qe3 Na7 33.Rh1 Rxc1 34.Rxc1 Nb5 35.Ng5 Nd6 36.Bc3 Rxf4
37.Nxh7 Kxh7 38.Qxf4 Bg5 39.Qf8 Ne4 40.Rc2 Qe7 41.Qxe7 Bxe7 42.Be1 Bg5 43.Rc7 Nd6
44.Bg3 Bd8 45.Rc1 Bg5 46.Rc2 Be3 47.Re2 Bxd4 48.Nf3  1-0

[Event "2nd IECC"]
[Site "Ohrid MKD"]
[Date "2001.06.04"]
[Round "4"]
[White "Timoshenko,G"]
[Black "Motylev,A"]
[Result "1-0"]
[WhiteElo "2537"]
[BlackElo "2601"]

1.d4 Nf6 2.c4 g6 3.Nc3 Bg7 4.e4 d6 5.Nf3 O-O 6.Be2 e5 7.O-O Nc6 8.d5 Ne7
9.b4 Nh5 10.Re1 f5 11.Ng5 Nf6 12.f3 c6 13.Be3 Ne8 14.c5 cxd5 15.exd5 e4 16.cxd6 Nxd6
17.Bd4 h6 18.Bxg7 Kxg7 19.Qd4+ Kg8 20.Ne6 Bxe6 21.dxe6 Qb6 22.Rad1 Rfd8 23.Qxb6 axb6
24.fxe4 Nxe4 25.Nxe4 fxe4 26.Rd7 Rxd7 27.exd7 Rd8 28.Bc4+ Kg7 29.Be6 Kf6
30.Rxe4 Nc6 31.h4 g5 32.h5 Ne5 33.Bh3 Rg8 34.Kf2 Ra8 35.a4 b5 36.a5 Rd8 37.g3 Nxd7
38.Rd4 Ke7 39.Rxd7+ Rxd7 40.Bxd7 Kxd7 41.Ke3 Kd6 42.Ke4 g4 43.Kf5 Kd5 44.Kg6  1-0

[Event "2nd IECC"]
[Site "Ohrid MKD"]
[Date "2001.06.05"]
[Round "5"]
[White "Motylev,A"]
[Black "Sulskis,S"]
[Result "1-0"]
[WhiteElo "2601"]
[BlackElo "2530"]

1.e4 e5 2.Nf3 Nc6 3.d4 exd4 4.Nxd4 Nf6 5.Nxc6 bxc6 6.e5 Qe7 7.Qe2 Nd5 8.c4 Nb6
9.Nd2 Bb7 10.b3 O-O-O 11.Bb2 d6 12.exd6 Qxd6 13.O-O-O Qh6 14.h4 Bb4 15.a3 Bxd2+
16.Rxd2 f6 17.Rh3 Rhe8 18.Rd3 Kb8 19.Rxd8+ Rxd8 20.g3 c5 21.Bc3 Nc8 22.Ba5 Bc6
23.Kb2 Re8 24.Qd1 f5 25.Rd7 Nb6 26.Rd8+ Rxd8 27.Qxd8+ Kb7 28.Bc3 Nd7 29.Qe7 g6
30.Bd3 Qf8 31.Qxf8 Nxf8 32.Kc2 Bf3 33.Kd2 Ne6 34.Bf1 Kc6 35.Be5 Kd7 36.Ke3 Bd1
37.b4 Ba4 38.Bd3 c6 39.h5 Bd1 40.h6 a6 41.b5 axb5 42.cxb5 cxb5 43.Bxb5+ Ke7
44.a4 Bb3 45.a5 Bd5 46.a6 Nd8 47.Bd3 Nc6 48.Bc3 c4 49.Bc2 Ke6 50.g4 Ne7 51.Bb4 Nc6
52.gxf5+ gxf5 53.Bc3 Ne5 54.Bxe5 Kxe5 55.f4+  1-0

[Event "2nd IECC"]
[Site "Ohrid MKD"]
[Date "2001.06.06"]
[Round "6"]
[White "Korobov,A"]
[Black "Motylev,A"]
[Result "0-1"]
[WhiteElo "2401"]
[BlackElo "2601"]

1.d4 d5 2.c4 c6 3.Nc3 Nf6 4.Nf3 dxc4 5.a4 Bf5 6.Ne5 e6 7.f3 Bb4 8.h4 c5 9.dxc5 Qc7
10.Qd6 Qxd6 11.cxd6 Bxd6 12.Nxc4 Bg3+ 13.Kd1 Nc6 14.e4 O-O-O+ 15.Kc2 Bg6
16.Be3 h6 17.Kb3 a6 18.Rc1 Kb8 19.Rh3 Bc7 20.g4 Nd5 21.exd5 exd5 22.Nxd5 Rxd5
23.h5 Bh7 24.f4 f6 25.Bg2 Rd3+ 26.Rc3 Nd4+ 27.Ka3 Nc2+ 28.Kb3 Nd4+ 29.Ka3 Rd8
30.f5 Rd1 31.b3 b5 32.Nb2 Ra1+ 33.Kb4 Bb6 34.Bf4+ Ka7 35.Rc7+ Bxc7 36.Bxc7 Rc8
37.Rc3 Rg1 38.Bd5 Rxg4 39.Ka5 Bxf5 40.Bb6+ Kb8  0-1

[Event "2nd IECC"]
[Site "Ohrid MKD"]
[Date "2001.06.09"]
[Round "8"]
[White "Ponomariov,R"]
[Black "Motylev,A"]
[Result "1/2-1/2"]
[WhiteElo "2673"]
[BlackElo "2601"]

1.e4 e5 2.Nf3 Nf6 3.Nxe5 d6 4.Nf3 Nxe4 5.d4 d5 6.Bd3 Nc6 7.O-O Be7 8.c4 Nb4
9.Re1 Nxd3 10.Qxd3 c6 11.cxd5 cxd5 12.Qb5+ Qd7 13.Qb3 O-O 14.Nbd2 Bf6 15.Nxe4 dxe4
16.Rxe4 Qf5 17.Rf4 Qh5 18.Be3 b6 19.Ne5  1/2-1/2

[Event "2nd IECC"]
[Site "Ohrid MKD"]
[Date "2001.06.11"]
[Round "10"]
[White "Socko,B"]
[Black "Motylev,A"]
[Result "1/2-1/2"]
[WhiteElo "2554"]
[BlackElo "2601"]

1.e4 e5 2.Nf3 Nf6 3.Nxe5 d6 4.Nf3 Nxe4 5.d4 d5 6.Bd3 Nc6 7.O-O Be7 8.c4 Nb4
9.Be2 Be6 10.c5 a5 11.Bf4 O-O 12.Nc3 g5 13.Bd2 Nc6 14.Bc1 f5 15.Ne1 b6 16.cxb6 cxb6
17.Nb5 Bf6 18.Nc2 Rc8 19.Re1 Qd7  1/2-1/2

[Event "2nd IECC"]
[Site "Ohrid MKD"]
[Date "2001.06.13"]
[Round "12"]
[White "Vaisser,A"]
[Black "Motylev,A"]
[Result "1/2-1/2"]
[WhiteElo "2540"]
[BlackElo "2601"]

1.d4 d5 2.c4 c6 3.e3 Bf5 4.Nc3 e6 5.Nf3 Nf6 6.Bd3 Bg6 7.O-O Nbd7 8.Qe2 Ne4
9.Nd2 Ndf6 10.f3 Nxd2 11.Bxd2 Be7 12.Rad1 Qc7 13.e4 dxe4 14.Nxe4 O-O 15.Bc3 Rfd8
16.f4 Nxe4 17.Bxe4 Bf6 18.f5 exf5 19.Bxf5 Re8 20.Qf3 Rad8 21.Kh1 Re7 22.Bb4 Ree8
23.Bc3 Re7 24.Bb4 Ree8 25.d5 Bxf5 26.Qxf5 Bxb2 27.d6 Qd7 28.Qf2 Bf6 29.Qxa7 Ra8
30.Qf2 Re4 31.Rc1 b5 32.a3 bxc4 33.Qc5 Rc8 34.Rxc4 Rxc4 35.Qxc4 c5 36.Bxc5 Qxd6
37.Qxf7+ Kxf7 38.Bxd6 Rc2 39.h3 Ke6 40.Rd1 Ra2 41.Rd3 Be5 42.Bxe5 Kxe5 43.Rf3 h5
44.h4 g6 45.Kh2 Ra1 46.Kh3 Ra2 47.g4 Ra1 48.g5 Rh1+ 49.Kg3 Rg1+ 50.Kf2 Rh1
51.Kg3 Rg1+ 52.Kh2 Rg4 53.Kh3 Ra4 54.Rb3 Kf5 55.Rb5+ Ke6 56.Rb6+ Ke5 57.Rb3 Kf5
58.Rc3 Ke5 59.Rd3 Kf5 60.Re3 Kf4 61.Rc3 Ke5 62.Re3+ Kf5 63.Rd3 Ke5 64.Rc3 Kf5
65.Rg3 Ke5 66.Rf3 Ke6 67.Rf6+ Ke5 68.Rxg6 Rxa3+ 69.Kg2 Ra4 70.Kg3 Ra3+ 71.Kg2 Ra4  1/2-1/2

[Event "2nd IECC"]
[Site "Ohrid MKD"]
[Date "2001.06.14"]
[Round "13"]
[White "Motylev,A"]
[Black "Hulak,K"]
[Result "1-0"]
[WhiteElo "2601"]
[BlackElo "2564"]

1.e4 c5 2.Nf3 d6 3.d4 cxd4 4.Nxd4 Nf6 5.Nc3 a6 6.f3 e5 7.Nb3 Be6 8.Be3 Be7
9.Qd2 h5 10.O-O-O Nbd7 11.Kb1 Rc8 12.h3 h4 13.f4 b5 14.Bd3 Qc7 15.Rhe1 Qb8
16.Nd5 Bd8 17.c3 Nb6 18.fxe5 dxe5 19.Nxf6+ Bxf6 20.Nc5 O-O 21.Nxe6 fxe6 22.Qe2 Na4
23.Qg4 Rc6 24.Bc2 Qe8 25.Bb3 Nb6 26.Bxb6 Rxb6 27.Rd3 a5 28.a3 Kh7 29.Rf1 b4
30.cxb4 axb4 31.a4 Ra6 32.g3 Qg6 33.gxh4 Be7 34.Rxf8 Bxf8 35.Rd8 Qxg4 36.hxg4 Be7
37.Rb8 Kg6 38.g5 Kh5 39.Rb7 Bf8 40.Rf7 Ra8 41.Bxe6 Bc5 42.Rxg7 Kxh4 43.g6  1-0

[Event "CHN-RUS Summit Men"]
[Site "Shanghai CHN"]
[Date "2001.09.08"]
[Round "2"]
[White "Motylev,A"]
[Black "Ye Jiangchuan"]
[Result "1-0"]
[WhiteElo "2627"]
[BlackElo "2677"]

1.e4 c5 2.Nf3 e6 3.d4 cxd4 4.Nxd4 a6 5.Bd3 g6 6.c4 Bg7 7.Ne2 Nf6 8.O-O O-O
9.Nbc3 Nc6 10.Bg5 h6 11.Bh4 Qc7 12.Rc1 Nh5 13.f4 f5 14.Kh1 Nd8 15.c5 Nf7
16.exf5 gxf5 17.Bxf5 Bf6 18.Nd4 Bxd4 19.Qxh5 Nh8 20.Bd3 Bg7 21.Be7 Rf7 22.Qh4 d5
23.cxd6 Qb6 24.f5 Qxb2 25.f6  1-0

[Event "CHN-RUS Summit Men"]
[Site "Shanghai CHN"]
[Date "2001.09.12"]
[Round "6"]
[White "Motylev,A"]
[Black "Liang Chong"]
[Result "1-0"]
[WhiteElo "2627"]
[BlackElo "2556"]

1.e4 c6 2.d4 d5 3.e5 Bf5 4.Nc3 h5 5.Be2 e6 6.Be3 h4 7.h3 Nd7 8.Nf3 f6 9.Bd3 Ne7
10.Ne2 Qc7 11.Bf4 Qb6 12.O-O O-O-O 13.Bh2 c5 14.exf6 gxf6 15.c4 dxc4 16.Bxc4 e5
17.Qc1 cxd4 18.Nexd4 exd4 19.Be6+ Qc6 20.Nxd4 Bxe6 21.Nxc6 Nxc6 22.Qf4 Nce5
23.Rfd1 Be7 24.Qe3 Nc5 25.Bxe5 fxe5 26.b4 Rxd1+ 27.Rxd1 Nd7 28.Qxa7 Bg5 29.Rd3 Rg8
30.b5 Bd8 31.Rc3+  1-0

[Event "ECC"]
[Site "Panormo GRE"]
[Date "2001.09.23"]
[Round "1"]
[White "Motylev,A"]
[Black "Jirovsky,Pe"]
[Result "1/2-1/2"]
[WhiteElo "2627"]
[BlackElo "2423"]

1.e4 c5 2.Nf3 d6 3.d4 cxd4 4.Nxd4 Nf6 5.Nc3 a6 6.f3 e5 7.Nb3 Be6 8.Be3 Nbd7
9.g4 h6 10.Qd2 Be7 11.O-O-O b5 12.h4 b4 13.Nd5 Bxd5 14.exd5 Nb6 15.Na5 Nbxd5
16.Nc6 Qc7 17.Nxb4 Nxb4 18.Qxb4 Qc6 19.Qc4 Qxf3 20.Rh3 Qb7 21.g5 Nd7 22.g6 O-O
23.Rg3 Nf6 24.gxf7+ Rxf7 25.Qe6 Rf8 26.Bg2 Qc8 27.Bh3 Qb7 28.Bg2 Qc8 29.Qxc8 Rxc8
30.Bh3 Rc4 31.Be6 Rxh4 32.Rg6 Kf8 33.Rf1 d5 34.Rfg1 d4 35.Bf2 Rf4 36.Be1 e4
37.Bxf7 Kxf7 38.Rxg7+ Ke6 39.Bg3 Rg4 40.Bh2 Rh4 41.Bg3 Rh3 42.Bf4 Rh4 43.Bg3 Rh3
44.Bf4  1/2-1/2

[Event "ECC"]
[Site "Panormo GRE"]
[Date "2001.09.24"]
[Round "2"]
[White "Slovineanu,V"]
[Black "Motylev,A"]
[Result "1/2-1/2"]
[WhiteElo "2406"]
[BlackElo "2627"]

1.e4 c5 2.Nc3 d6 3.f4 Nc6 4.Nf3 g6 5.Bb5 Bd7 6.O-O Bg7 7.d3 a6 8.Bxc6 Bxc6
9.Qe1 Qd7 10.Be3 f5 11.Rd1 Nh6 12.h3 O-O 13.Ng5 Nf7 14.Nxf7 Rxf7 15.d4 Bxe4
16.Nxe4 fxe4 17.dxc5 d5 18.Bd4 Bxd4+ 19.Rxd4 Qc6 20.b4 a5 21.a3 axb4 22.axb4 e6
23.c4 Ra2 24.cxd5 exd5 25.Qd1 Qa4 26.Rxd5 Qxb4 27.Rd8+ Kg7 28.Qd5 Rc2 29.Qe5+ Kh6
30.Qg5+ Kg7 31.Qe5+ Kh6 32.Qg5+ Kg7 33.Qe5+ Kh6  1/2-1/2